| 000 | 00789nam a22001577a 4500 | ||
|---|---|---|---|
| 003 | OSt | ||
| 005 | 20151202152655.0 | ||
| 008 | 151202b xxu||||| |||| 00| 0 eng d | ||
| 040 | _cRUA | ||
| 082 | _aFIS LAC 2008 B180 Or.1 | ||
| 100 |
_94159 _aLACH, THEA. |
||
| 245 | _aSmall scale aquaculture status demand and fish seed supply in chan trey commune romeas hek district svay rieng, ស្ថានភាពវារីវប្បកម្មលក្ខណៈគ្រួសារតម្រូវការ និងការផ្គត់ផ្គងកូនត្រីពូជនៅឃុំចន្រ្តី ស្រុករមាសហែក ខេត្ដស្វាយរៀង | ||
| 260 |
_aPhnom Penh _bRUA _c2008 |
||
| 300 |
_axi; 51p. _bill. _c29cm. |
||
| 942 |
_2ddc _cFIS |
||
| 999 |
_c3873 _d3873 |
||